[Event "CCT Chessable Masters Play-In 2025"]
[Site "Online"]
[Date "2025.02.17"]
[Round "8.36"]
[White "Bjerre, Jonas Buhl"]
[Black "Sarana, Alexey"]
[Result "1-0"]
[WhiteElo "2640"]
[BlackElo "2672"]
[PlyCount "115"]
[EventDate "2025.02.13"]
[EventType "swiss"]
[EventCountry "NET"]

1. e4 c5 2. Nf3 d6 3. Bc4 Nf6 4. d3 Nc6 5. O-O a6 6. a4 g6 7. c3 Bg7 8. Re1 O-O 9. h3 b6 10. Ba2 Bb7 11. Na3 e6 12. Bf4 Re8 13. Qd2 Rc8 14. Nc4 Bf8 15. Bg5 Be7 16. h4 Nh5 17. Bxe7 Nxe7 18. Qh6 f6 19. a5 Kh8 20. Nxb6 Ng8 21. Qe3 Rb8 22. d4 Qc7 23. dxc5 dxc5 24. Rad1 Re7 25. e5 f5 26. Rd6 f4 27. Qd3 Ng7 28. Ng5 Rbe8 29. f3 h6 30. Nh3 Rf8 31. Rd1 Rf5 32. Qe2 g5 33. hxg5 hxg5 34. Bb1 c4 35. Qxc4 Rxe5 36. Qd4 Rxa5 37. b4 Rb5 38. c4 Rxb4 39. Nxg5 e5 40. Qf2 Qxd6 41. Rxd6 Rxb1+ 42. Kh2 Nf5 43. Qc2 Nxd6 44. Qxb1 Rg7 45. c5 Ne8 46. Qf5 Nef6 47. Qxe5 a5 48. Qxf4 Bc6 49. Ne6 Rh7+ 50. Kg1 Rh5 51. Qd6 Bd5 52. Nxd5 Rxd5 53. Qf8 Rd1+ 54. Kh2 Rd7 55. c6 Rh7+ 56. Kg1 Nd5 57. Qd6 Ngf6 58. Qd8+ 1-0

[Event "CCT Chessable Masters Play-In 2025"]
[Site "Online"]
[Date "2025.02.17"]
[Round "8.37"]
[White "Puranik, Abhimanyu"]
[Black "Smirnov, Pavel"]
[Result "1-0"]
[WhiteElo "2636"]
[BlackElo "2476"]
[PlyCount "43"]
[EventDate "2025.02.13"]
[EventType "swiss"]
[EventCountry "NET"]

1. e4 e5 2. Nf3 Nc6 3. Bb5 a6 4. Ba4 Nf6 5. O-O Be7 6. Re1 b5 7. Bb3 O-O 8. d3 d6 9. Bd2 Bg4 10. h3 Bxf3 11. Qxf3 Nd4 12. Qd1 c5 13. Nc3 Nxb3 14. axb3 b4 15. Ne2 a5 16. Ng3 Re8 17. Nf5 Bf8 18. Bg5 d5 19. exd5 Qxd5 20. Bxf6 gxf6 21. Re4 Qe6 22. Qh5 1-0

[Event "CCT Chessable Masters Play-In 2025"]
[Site "Online"]
[Date "2025.02.17"]
[Round "8.38"]
[White "Narayanan, Srinath"]
[Black "Eljanov, Pavel"]
[Result "1-0"]
[WhiteElo "2516"]
[BlackElo "2658"]
[PlyCount "109"]
[EventDate "2025.02.13"]
[EventType "swiss"]
[EventCountry "NET"]

1. Nf3 Nf6 2. b3 g6 3. Bb2 Bg7 4. g3 O-O 5. Bg2 c5 6. O-O d5 7. d4 cxd4 8. Nxd4 Re8 9. c4 e5 10. Nc2 d4 11. Nd2 Nc6 12. b4 Bg4 13. Nb3 Qc7 14. b5 Ne7 15. Rc1 Rad8 16. Nb4 h5 17. Qd2 h4 18. h3 hxg3 19. hxg4 gxf2+ 20. Rxf2 Nxg4 21. Nd5 Nxd5 22. cxd5 Qd6 23. Qg5 Nxf2 24. Kxf2 e4 25. Bxd4 Qxd5 26. Qxd5 Rxd5 27. Bxg7 Kxg7 28. a4 e3+ 29. Kf1 Rf5+ 30. Bf3 Rh8 31. Rc3 Rh4 32. Nc5 b6 33. Nb7 Rxa4 34. Nd6 Rc5 35. Rxe3 Rd4 36. Ne8+ Kh6 37. Bc6 a5 38. Nc7 a4 39. Na8 Rc1+ 40. Kf2 Rb1 41. Nxb6 Rb3 42. Nd5 Rxe3 43. Kxe3 a3 44. Nc3 Rb4 45. Bd5 f5 46. Kd3 g5 47. Bc4 g4 48. Bd5 f4 49. Na2 Rxb5 50. Be4 Rb2 51. Nc3 a2 52. Nd5 a1=Q 53. Nxf4 Rb3+ 54. Kc4 Qa7 55. Kd5 1-0

[Event "CCT Chessable Masters Play-In 2025"]
[Site "Online"]
[Date "2025.02.17"]
[Round "8.39"]
[White "Demchenko, Anton"]
[Black "Mendonca, Leon Luke"]
[Result "0-1"]
[WhiteElo "2619"]
[BlackElo "2641"]
[PlyCount "104"]
[EventDate "2025.02.13"]
[EventType "swiss"]
[EventCountry "NET"]

1. e4 c5 2. Nf3 d6 3. d4 cxd4 4. Nxd4 Nf6 5. Nc3 a6 6. Be2 e5 7. Nb3 Be6 8. Qd3 Be7 9. Bd2 Nbd7 10. Nd5 Bxd5 11. exd5 O-O 12. O-O g6 13. Rad1 Qc7 14. c4 a5 15. a4 Ne8 16. Kh1 f5 17. g4 Ng7 18. Bh6 Rf7 19. Rg1 f4 20. g5 Nf5 21. Bg4 Re8 22. c5 Nxc5 23. Qb5 Ra8 24. Nxc5 dxc5 25. Rge1 Bd6 26. Rd3 Qd7 27. Qc4 Kh8 28. Rb3 Qc7 29. Kg1 Nd4 30. Rd3 Qb6 31. Be6 Re7 32. b3 Qb4 33. Qc1 Nxb3 34. Qd1 Nd4 35. Rh3 b5 36. axb5 a4 37. Qa1 a3 38. Rb1 Qa5 39. b6 Rb7 40. Rd3 Rxb6 41. Rxb6 Qxb6 42. Rxa3 Rxa3 43. Qxa3 Qb1+ 44. Kg2 f3+ 45. Kh3 Qf1+ 46. Kh4 Qxf2+ 47. Kg4 Qg2+ 48. Kh4 Qxh2+ 49. Kg4 Qh5+ 50. Kg3 e4+ 51. Kf2 Qh2+ 52. Ke3 Qe2# 0-1

[Event "CCT Chessable Masters Play-In 2025"]
[Site "Online"]
[Date "2025.02.17"]
[Round "8.40"]
[White "Rakhmanov, Aleksandr"]
[Black "Van Wely, Loek"]
[Result "1-0"]
[WhiteElo "2585"]
[BlackElo "2477"]
[PlyCount "89"]
[EventDate "2025.02.13"]
[EventType "swiss"]
[EventCountry "NET"]

1. c4 e5 2. Nf3 Nc6 3. d4 exd4 4. Nxd4 g6 5. Nxc6 bxc6 6. g3 Bg7 7. Bg2 Ne7 8. O-O O-O 9. Nc3 d6 10. Bg5 h6 11. Bxe7 Qxe7 12. Bxc6 Rb8 13. Qd2 Qe5 14. Rac1 Qc5 15. Bd5 Bd7 16. b3 a5 17. Rfd1 Kh8 18. Bf3 g5 19. Ne4 Qb4 20. c5 Bf5 21. Qxb4 Rxb4 22. cxd6 Bxe4 23. dxc7 Bf5 24. Rd8 Rd4 25. Rxf8+ Bxf8 26. c8=Q Bxc8 27. Rxc8 Kg7 28. Bh5 Bd6 29. Ra8 Bc7 30. Ra7 Rd1+ 31. Kg2 Rc1 32. a3 f5 33. h3 f4 34. gxf4 gxf4 35. b4 axb4 36. axb4 Kf6 37. h4 Bd6 38. b5 Rb1 39. Rb7 Ke5 40. Bg6 Rb4 41. Kf3 Kf6 42. Bd3 Be7 43. Rb6+ Kg7 44. Rg6+ Kf7 45. Rxh6 1-0

[Event "CCT Chessable Masters Play-In 2025"]
[Site "Online"]
[Date "2025.02.17"]
[Round "8.41"]
[White "Volokitin, Andrei"]
[Black "Ding, Liren"]
[Result "0-1"]
[WhiteElo "2643"]
[BlackElo "2734"]
[PlyCount "84"]
[EventDate "2025.02.13"]
[EventType "swiss"]
[EventCountry "NET"]

1. e4 e6 2. d4 d5 3. e5 c5 4. c3 Nc6 5. Nf3 Bd7 6. Na3 cxd4 7. cxd4 Bxa3 8. bxa3 Qa5+ 9. Qd2 Nge7 10. Rb1 b6 11. Bd3 O-O 12. O-O Qxd2 13. Bxd2 Nf5 14. Bc3 f6 15. exf6 gxf6 16. Bxf5 exf5 17. Rfe1 Kf7 18. Nd2 f4 19. f3 Rg8 20. Kf2 Rg5 21. Rg1 Rag8 22. Rbc1 Nd8 23. Bb4 Ne6 24. Bd6 Rh5 25. h3 Rhg5 26. Nb1 Bb5 27. Nd2 Kg6 28. Nb3 Kf5 29. Rc3 R5g7 30. g4+ fxg3+ 31. Rxg3 Rxg3 32. Bxg3 h5 33. h4 Re8 34. Bh2 Nf4 35. Bxf4 Kxf4 36. Nc1 Bc4 37. a4 f5 38. a5 b5 39. a3 a6 40. Rc2 Re3 41. Kg2 Rxf3 42. Ne2+ Kg4 0-1

[Event "CCT Chessable Masters Play-In 2025"]
[Site "Online"]
[Date "2025.02.17"]
[Round "8.42"]
[White "Salem, A.R. Saleh"]
[Black "Bartel, Mateusz"]
[Result "1-0"]
[WhiteElo "2631"]
[BlackElo "2629"]
[PlyCount "63"]
[EventDate "2025.02.13"]
[EventType "swiss"]
[EventCountry "NET"]

1. d4 Nf6 2. c4 Nc6 3. Nc3 e5 4. d5 Ne7 5. e4 Ng6 6. h4 h5 7. g3 Bc5 8. Be2 d6 9. Qd3 Bg4 10. f3 Bd7 11. Be3 Bxe3 12. Qxe3 c5 13. dxc6 bxc6 14. O-O-O Be6 15. Nh3 Qe7 16. Ng5 O-O 17. Nxe6 fxe6 18. Qg5 Nh8 19. g4 Nf7 20. Qd2 Rfd8 21. g5 Ne8 22. f4 exf4 23. Bxh5 e5 24. Rdg1 Nc7 25. Bg6 Ne6 26. h5 Nfxg5 27. h6 gxh6 28. Rxh6 Kg7 29. Qh2 Rh8 30. Bh7 Kf8 31. Bf5 Kg7 32. Rxe6 1-0

[Event "CCT Chessable Masters Play-In 2025"]
[Site "Online"]
[Date "2025.02.17"]
[Round "8.43"]
[White "Sethuraman, S.P."]
[Black "Rustemov, Alexander"]
[Result "1-0"]
[WhiteElo "2557"]
[BlackElo "2525"]
[PlyCount "113"]
[EventDate "2025.02.13"]
[EventType "swiss"]
[EventCountry "NET"]

1. e4 e6 2. d4 d5 3. e5 c5 4. c3 Bd7 5. Nf3 Ne7 6. Bd3 Nbc6 7. dxc5 Ng6 8. Qe2 Bxc5 9. O-O O-O 10. b4 Bb6 11. b5 Na5 12. Ng5 Be8 13. Qh5 h6 14. Nxe6 fxe6 15. Bxg6 Rf5 16. Qg4 Bxg6 17. Qxg6 Qe8 18. Qg3 Qh5 19. Be3 Nc4 20. Bd4 Raf8 21. a4 Bc7 22. f4 Nxe5 23. Nd2 Ng6 24. Qf3 Bxf4 25. Qxh5 Rxh5 26. Nf3 a6 27. g4 Rh3 28. Kg2 Rxf3 29. Kxf3 Bxh2+ 30. Ke2 Bf4 31. bxa6 bxa6 32. Rab1 e5 33. Ba7 Rf7 34. Bb8 Rf6 35. a5 Rc6 36. Kd3 Rc5 37. Rb6 Kh7 38. Rxa6 e4+ 39. Kd4 Be3+ 40. Kxe3 Rxc3+ 41. Kd4 Rd3+ 42. Kc5 e3 43. Re6 d4 44. a6 Ra3 45. Kxd4 e2 46. Re1 Nh4 47. R1xe2 Nf3+ 48. Kc5 Rc3+ 49. Kb4 Rc1 50. a7 Ra1 51. Rf2 Nd4 52. Rd6 Rb1+ 53. Kc4 Nb5 54. a8=Q Nxd6+ 55. Bxd6 Rc1+ 56. Kb3 Rd1 57. Qe4+ 1-0

[Event "CCT Chessable Masters Play-In 2025"]
[Site "Online"]
[Date "2025.02.17"]
[Round "8.44"]
[White "Mekhitarian, Krikor Sevag"]
[Black "Harikrishna, Pentala"]
[Result "0-1"]
[WhiteElo "2512"]
[BlackElo "2695"]
[PlyCount "64"]
[EventDate "2025.02.13"]
[EventType "swiss"]
[EventCountry "NET"]

1. Nf3 d5 2. c4 e6 3. d4 Nf6 4. Nc3 h6 5. cxd5 exd5 6. Bf4 Bd6 7. Bxd6 Qxd6 8. e3 Bf5 9. Qb3 O-O 10. Qxb7 Nc6 11. Qa6 Rab8 12. Bb5 Rb6 13. Qa4 Nb4 14. O-O Rfb8 15. Be2 a6 16. b3 Rc6 17. Rac1 Bd3 18. Bxd3 Nxd3 19. Ne4 Nxe4 20. Rxc6 Qe7 21. Rxa6 Nexf2 22. Ra8 Qxe3 23. Rxb8+ Kh7 24. h3 Ng4+ 25. Kh1 Ndf2+ 26. Rxf2 Qc1+ 27. Ng1 Nxf2+ 28. Kh2 Qf4+ 29. g3 Qe4 30. g4 Qh1+ 31. Kg3 Ne4+ 32. Kf4 Qh2+ 0-1

[Event "CCT Chessable Masters Play-In 2025"]
[Site "Online"]
[Date "2025.02.17"]
[Round "8.45"]
[White "Dominguez Perez, Leinier"]
[Black "Xiao, Tong"]
[Result "0-1"]
[WhiteElo "2600"]
[BlackElo "2491"]
[PlyCount "66"]
[EventDate "2025.02.13"]
[EventType "swiss"]
[EventCountry "NET"]

1. e4 c5 2. Nf3 d6 3. d4 cxd4 4. Nxd4 Nf6 5. Nc3 a6 6. Be2 e5 7. Nb3 Be7 8. Be3 Be6 9. f4 exf4 10. Bxf4 Nc6 11. Qd2 d5 12. O-O-O dxe4 13. Qe3 Qc8 14. Nc5 O-O 15. Bd6 Ng4 16. Qf4 Nf6 17. Qe3 Bg4 18. N3xe4 Nxe4 19. Qxe4 Bxe2 20. Qxe2 Bxd6 21. Rxd6 Nb4 22. Qc4 a5 23. Rhd1 Qf5 24. g4 Qg5+ 25. Kb1 Rac8 26. Ne4 Qe7 27. Qe2 Rfe8 28. a3 Nxc2 29. Qd3 h6 30. Ng3 Ne3 31. Re1 Qg5 32. Ne4 Rxe4 33. Qxe4 Nc4 0-1

[Event "CCT Chessable Masters Play-In 2025"]
[Site "Online"]
[Date "2025.02.17"]
[Round "8.46"]
[White "Zhu, Jiner"]
[Black "Donchenko, Alexander"]
[Result "1-0"]
[WhiteElo "2514"]
[BlackElo "2632"]
[PlyCount "41"]
[EventDate "2025.02.13"]
[EventType "swiss"]
[EventCountry "NET"]

1. e4 g6 2. d4 Bg7 3. Nc3 d6 4. Be3 a6 5. g4 b5 6. Bg2 Bb7 7. h4 h5 8. gxh5 Rxh5 9. Bf3 Rh8 10. h5 gxh5 11. Rxh5 Rxh5 12. Bxh5 b4 13. Qg4 Kf8 14. Nd5 Nd7 15. O-O-O Ngf6 16. Qf3 Bxd5 17. exd5 Nb6 18. Nh3 Nbxd5 19. Ng5 Nxe3 20. fxe3 Qd7 21. Qxa8+ 1-0

[Event "CCT Chessable Masters Play-In 2025"]
[Site "Online"]
[Date "2025.02.17"]
[Round "8.47"]
[White "Gokerkan, Cem Kaan"]
[Black "Naroditsky, Daniel"]
[Result "0-1"]
[WhiteElo "2473"]
[BlackElo "2619"]
[PlyCount "126"]
[EventDate "2025.02.13"]
[EventType "swiss"]
[EventCountry "NET"]

1. e4 e5 2. Nf3 Nc6 3. Bc4 Nf6 4. Ng5 d5 5. exd5 Na5 6. Bb5+ Bd7 7. Qe2 Be7 8. Nc3 Bxb5 9. Qxb5+ c6 10. dxc6 Nxc6 11. O-O O-O 12. Qe2 Nd4 13. Qd1 Rc8 14. d3 b5 15. a3 a5 16. Nf3 Nxf3+ 17. Qxf3 b4 18. axb4 axb4 19. Ne4 Rxc2 20. b3 Nd5 21. Qf5 Qc7 22. Bg5 g6 23. Qf3 Bxg5 24. Nxg5 Nf4 25. Rae1 Rd8 26. Re3 h6 27. Ne4 f5 28. Ng3 Rd2 29. h4 h5 30. Rfe1 Nxd3 31. Nxf5 Nxe1 32. Qg3 Kh7 33. Qg5 Qf7 34. Qh6+ Kg8 35. Rg3 R2d6 36. Nxd6 Rxd6 37. Qxh5 Nd3 38. Qe2 Qf5 39. Rg5 Nf4 40. Qc4+ Qe6 41. Qxb4 Ne2+ 42. Kh2 Rd4 43. Qb8+ Kh7 44. Qc7+ Kh6 45. g3 Qf6 46. Kg2 Rd2 47. Qxe5 Qxe5 48. Rxe5 Nc3 49. Re3 Nd1 50. Rf3 Re2 51. g4 Kg7 52. Kg3 Nb2 53. Rf4 Nd3 54. Rf3 Nc5 55. b4 Ne4+ 56. Kg2 Rb2 57. Rf4 Nd6 58. Kg3 g5 59. hxg5 Nf7 60. g6 Kxg6 61. f3 Rb1 62. Re4 Ng5 63. Kf2 Nxe4+ 0-1

[Event "CCT Chessable Masters Play-In 2025"]
[Site "Online"]
[Date "2025.02.17"]
[Round "8.48"]
[White "Kobalia, Mikhail"]
[Black "Dvirnyy, Danyyil"]
[Result "1-0"]
[WhiteElo "2538"]
[BlackElo "2488"]
[PlyCount "101"]
[EventDate "2025.02.13"]
[EventType "swiss"]
[EventCountry "NET"]

1. e4 e5 2. Nf3 Nc6 3. Bb5 a6 4. Ba4 Nf6 5. O-O Be7 6. d3 b5 7. Bb3 O-O 8. a4 Bb7 9. Re1 d6 10. Bd2 h6 11. h3 Qd7 12. Nc3 Nd8 13. axb5 axb5 14. Rxa8 Bxa8 15. d4 b4 16. Nd5 Bxd5 17. exd5 e4 18. Nh2 c6 19. dxc6 Nxc6 20. d5 Na5 21. Bxb4 Nxb3 22. cxb3 Qf5 23. f3 exf3 24. Nxf3 Re8 25. Bc3 Nxd5 26. Qd4 Nf6 27. b4 Qd7 28. Qd3 Rb8 29. Nd4 Bf8 30. b5 d5 31. Nc6 Re8 32. Rxe8 Nxe8 33. Bd4 Nc7 34. Ne5 Qc8 35. b6 Ne6 36. Qf5 Qb7 37. Bf2 Bd6 38. Nd3 Qc6 39. b4 d4 40. Nc5 Nf4 41. Qe4 Qxb6 42. Qe8+ Kh7 43. Qxf7 Qxb4 44. Qf5+ Ng6 45. Nd3 Qc4 46. h4 Qc2 47. h5 Qd1+ 48. Be1 Qe2 49. hxg6+ Kg8 50. Qd5+ Kh8 51. Qa8+ 1-0

[Event "CCT Chessable Masters Play-In 2025"]
[Site "Online"]
[Date "2025.02.17"]
[Round "8.49"]
[White "Keymer, Vincent"]
[Black "Pakleza, Zbigniew"]
[Result "1-0"]
[WhiteElo "2731"]
[BlackElo "2485"]
[PlyCount "72"]
[EventDate "2025.02.13"]
[EventType "swiss"]
[EventCountry "NET"]

1. b3 d5 2. Bb2 Nf6 3. Nf3 Bf5 4. g3 e6 5. Bg2 h6 6. O-O Be7 7. d3 O-O 8. Nc3 Bh7 9. e4 c6 10. Qe2 Nbd7 11. Ne1 a5 12. a4 Nc5 13. e5 Nfd7 14. f4 Re8 15. Nf3 Bf8 16. Kh1 Na6 17. Nd1 b5 18. Ne3 Ndc5 19. Nd4 Qb6 20. axb5 cxb5 21. f5 a4 22. f6 axb3 23. Qf2 bxc2 24. fxg7 Bxg7 25. Qxf7+ Kh8 26. Ndxc2 Nxd3 27. Bd4 Qc7 28. Qh5 Nxe5 29. Rxa6 Bg6 30. Nxd5 Qxc2 31. Qxe5 Bxe5 32. Bxe5+ Kg8 33. Nf6+ Kf7 34. Nxe8+ Kxe8 35. Rxa8+ Ke7 36. Ra7+ Ke8 1-0

[Event "CCT Chessable Masters Play-In 2025"]
[Site "Online"]
[Date "2025.02.17"]
[Round "8.50"]
[White "Ter-Sahakyan, Samvel"]
[Black "Vaishali, Rameshbabu"]
[Result "1-0"]
[WhiteElo "2611"]
[BlackElo "2476"]
[PlyCount "73"]
[EventDate "2025.02.13"]
[EventType "swiss"]
[EventCountry "NET"]

1. e4 c5 2. Nf3 d6 3. Bc4 Nf6 4. d3 Nc6 5. O-O a6 6. a4 h6 7. c3 Bg4 8. Nbd2 e6 9. h3 Bh5 10. Ba2 g5 11. Re1 Rg8 12. g4 Nxg4 13. hxg4 Bxg4 14. Re3 Qf6 15. Qf1 O-O-O 16. d4 cxd4 17. cxd4 Nxd4 18. Nxd4 Qxd4 19. Nc4 Kb8 20. Bd2 d5 21. Bc3 Qa7 22. exd5 exd5 23. Ne5 d4 24. Rd3 Bf5 25. Ba5 Re8 26. Nxf7 Bxd3 27. Qxd3 Bc5 28. Rc1 Re7 29. Bd5 Rf8 30. b4 Bb6 31. Qg3+ Ka8 32. Qd6 Rfe8 33. Bxb6 Qb8 34. Bc7 Qa7 35. Kg2 d3 36. Bd8 Qb8 37. Qxa6+ 1-0

[Event "CCT Chessable Masters Play-In 2025"]
[Site "Online"]
[Date "2025.02.17"]
[Round "8.51"]
[White "Aditya Mittal"]
[Black "Nigmatov, Ortik"]
[Result "1/2-1/2"]
[WhiteElo "2550"]
[BlackElo "2505"]
[PlyCount "83"]
[EventDate "2025.02.13"]
[EventType "swiss"]
[EventCountry "NET"]

1. d4 Nf6 2. c4 e6 3. Nf3 d5 4. Nc3 Bb4 5. Qa4+ Nc6 6. e3 O-O 7. Qc2 Bxc3+ 8. bxc3 Na5 9. cxd5 exd5 10. Ne5 c5 11. Ba3 b6 12. Bd3 Bb7 13. O-O Rc8 14. Bf5 Rc7 15. Rab1 Ba6 16. Rfd1 Nc4 17. Qa4 Nxa3 18. Qxa3 Bc8 19. Bxc8 Qxc8 20. dxc5 Rxc5 21. Qxa7 Ne4 22. Rxb6 Nxc3 23. Re1 Ne2+ 24. Kf1 Rc1 25. Qa3 Rxe1+ 26. Kxe1 Qc7 27. Kxe2 Qxe5 28. Qd6 Qe4 29. g3 Qc4+ 30. Kf3 Qe4+ 31. Ke2 Qc4+ 32. Kd2 Qxa2+ 33. Ke1 g6 34. Kf1 Qc4+ 35. Kg1 Rc8 36. Rb8 Rxb8 37. Qxb8+ Kg7 38. Qe5+ Kg8 39. Qe8+ Kg7 40. Qe5+ Kg8 41. Qe8+ Kg7 42. Qe5+ 1/2-1/2

[Event "CCT Chessable Masters Play-In 2025"]
[Site "Online"]
[Date "2025.02.17"]
[Round "8.52"]
[White "Batsuren, Dambasuren"]
[Black "Vetokhin, Savva"]
[Result "1/2-1/2"]
[WhiteElo "2537"]
[BlackElo "2533"]
[PlyCount "162"]
[EventDate "2025.02.13"]
[EventType "swiss"]
[EventCountry "NET"]

1. d4 Nf6 2. c4 e6 3. Nc3 d5 4. cxd5 exd5 5. Bg5 Be7 6. e3 h6 7. Bh4 O-O 8. Bd3 c6 9. Nge2 Re8 10. O-O a5 11. f3 b5 12. Bf2 Ba6 13. Rc1 Nbd7 14. b3 a4 15. Qd2 Bd6 16. h3 Qe7 17. Rfe1 Nb6 18. Ng3 axb3 19. Nf5 Qd7 20. Nxd6 Qxd6 21. axb3 b4 22. Ne2 Bxd3 23. Qxd3 Ra3 24. Qc2 Nfd7 25. Nf4 Rea8 26. Nd3 Re8 27. Re2 Re6 28. Be1 Ra8 29. Bxb4 Qc7 30. Be1 Rae8 31. Bf2 Nc8 32. Nf4 Rd6 33. e4 dxe4 34. fxe4 Ndb6 35. e5 Rd7 36. Qxc6 Qxc6 37. Rxc6 Nd5 38. Nxd5 Rxd5 39. Rec2 Ne7 40. R6c5 Rb8 41. R2c3 g5 42. Kf1 Rd7 43. Rc7 Rxc7 44. Rxc7 Nd5 45. Rc5 Nf4 46. Rc3 Nd5 47. Rf3 Rc8 48. Ke2 Kf8 49. g3 Ke7 50. Be1 Ke6 51. Bd2 Ra8 52. Rf1 Ra2 53. Rc1 Rb2 54. Rc6+ Ke7 55. Kd3 f6 56. Ke4 Rxd2 57. Kxd5 fxe5 58. Kxe5 Rd3 59. Rxh6 Rxg3 60. b4 Rb3 61. Rh7+ Kf8 62. d5 Rxb4 63. d6 Ke8 64. Rg7 Rh4 65. Ke6 Rh6+ 66. Kd5 Rxh3 67. Rg8+ Kd7 68. Rg7+ Kd8 69. Rxg5 Rd3+ 70. Ke6 Re3+ 71. Re5 Rd3 72. Rh5 Re3+ 73. Kd5 Rd3+ 74. Ke6 Re3+ 75. Kd5 Re1 76. Rh8+ Kd7 77. Rh7+ Kd8 78. Rh8+ Kd7 79. Rh7+ Ke8 80. Re7+ Rxe7 81. dxe7 Kxe7 1/2-1/2

[Event "CCT Chessable Masters Play-In 2025"]
[Site "Online"]
[Date "2025.02.17"]
[Round "8.53"]
[White "Sokolovsky, Yahli"]
[Black "Meshkovs, Nikita"]
[Result "0-1"]
[WhiteElo "2552"]
[BlackElo "2531"]
[PlyCount "90"]
[EventDate "2025.02.13"]
[EventType "swiss"]
[EventCountry "NET"]

1. d4 Nf6 2. Nf3 e6 3. e3 b6 4. c4 Bb7 5. Be2 Bb4+ 6. Bd2 a5 7. O-O O-O 8. Nc3 d6 9. a3 Bxc3 10. Bxc3 a4 11. Nd2 Nbd7 12. f3 e5 13. d5 Nc5 14. Qc2 Nfd7 15. e4 Qg5 16. Rae1 f5 17. exf5 Rxf5 18. Ne4 Qe3+ 19. Rf2 Raf8 20. Bd2 Qb3 21. Qxb3 Nxb3 22. Bd1 Ba6 23. Bxb3 axb3 24. Rc1 Nc5 25. Nxc5 bxc5 26. Re2 Rb8 27. Kf2 Kf7 28. Ke3 Rf4 29. Bc3 Rxc4 30. g3 g5 31. Rd2 Kg6 32. Ra1 Ra4 33. Rg1 Rf8 34. h4 g4 35. Rf2 h5 36. fxg4 Rxf2 37. gxh5+ Kxh5 38. Kxf2 Kg4 39. Rd1 Bc8 40. Rh1 Kh5 41. Kg2 Bf5 42. Rf1 Kg4 43. Kh2 Rc4 44. Rf2 Rxc3 45. bxc3 Bc2 0-1

[Event "CCT Chessable Masters Play-In 2025"]
[Site "Online"]
[Date "2025.02.17"]
[Round "8.54"]
[White "Quintiliano, Renato R."]
[Black "Blohberger, Felix"]
[Result "1-0"]
[WhiteElo "2515"]
[BlackElo "2532"]
[PlyCount "128"]
[EventDate "2025.02.13"]
[EventType "swiss"]
[EventCountry "NET"]

1. Nf3 Nf6 2. c4 g6 3. Nc3 Bg7 4. d4 O-O 5. e4 d6 6. Be2 e5 7. d5 Na6 8. Nd2 Bh6 9. h4 Nc5 10. h5 Bxd2+ 11. Qxd2 Nfxe4 12. Nxe4 Nxe4 13. Qe3 Nc5 14. Qh6 Qf6 15. Bg5 Qg7 16. hxg6 Qxh6 17. Bxh6 hxg6 18. Bxf8 Kxf8 19. Rh8+ Kg7 20. Rd8 a5 21. O-O-O b6 22. Rh1 Bb7 23. Rhh8 Rxd8 24. Rxd8 Kf6 25. b3 Ke7 26. Rb8 Kd7 27. Rh8 Ke7 28. Kb2 Nd7 29. f3 Nf8 30. a3 Bc8 31. Kc3 Bd7 32. Rh1 f5 33. b4 axb4+ 34. axb4 Bc8 35. Bd1 Bd7 36. Bc2 b5 37. Ra1 bxc4 38. Ra7 Kd8 39. Ra8+ Ke7 40. Kxc4 Nh7 41. Ba4 Nf6 42. Bxd7 Kxd7 43. Rh8 Nh5 44. Rh6 f4 45. Rxg6 Kc8 46. Kd3 Kb7 47. Ke4 Kb6 48. Kf5 Kb5 49. Kg4 Ng3 50. Rg7 Kb6 51. Rg8 Kb7 52. Kg5 Nf1 53. Kf6 Ne3 54. Ke6 Nc2 55. g3 fxg3 56. Rxg3 Nxb4 57. f4 Nc2 58. f5 Nd4+ 59. Kf6 Kb6 60. Rc3 c5 61. dxc6 Kc7 62. Kg6 e4 63. f6 Ne6 64. Kf5 d5 1-0

[Event "CCT Chessable Masters Play-In 2025"]
[Site "Online"]
[Date "2025.02.17"]
[Round "8.55"]
[White "Guliyev, Namig"]
[Black "Kourkoulos-Arditis, Stamatis"]
[Result "0-1"]
[WhiteElo "2486"]
[BlackElo "2580"]
[PlyCount "44"]
[EventDate "2025.02.13"]
[EventType "swiss"]
[EventCountry "NET"]

1. e4 Nf6 2. e5 Nd5 3. d4 d6 4. Nf3 g6 5. Bc4 Nb6 6. Bb3 Bg7 7. Qe2 O-O 8. h3 c5 9. dxc5 dxc5 10. O-O c4 11. Bxc4 Nxc4 12. Qxc4 Nc6 13. Bf4 Bf5 14. Nbd2 Rc8 15. Qb5 Nd4 16. Qa4 Ne2+ 17. Kh2 Bxc2 18. Qxa7 Nxf4 19. Qxb7 Rc7 20. Qb6 Qc8 21. a4 Bf5 22. a5 Bxh3 0-1

[Event "CCT Chessable Masters Play-In 2025"]
[Site "Online"]
[Date "2025.02.17"]
[Round "8.56"]
[White "Zhukova, Natalia"]
[Black "Dai, Changren"]
[Result "0-1"]
[WhiteElo "2306"]
[BlackElo "2527"]
[PlyCount "78"]
[EventDate "2025.02.13"]
[EventType "swiss"]
[EventCountry "NET"]

1. c4 Nf6 2. Nc3 e5 3. Nf3 Nc6 4. g3 Bc5 5. Nxe5 Nxe5 6. d4 Bd6 7. c5 Bxc5 8. dxc5 Qe7 9. Be3 Nfg4 10. Nd5 Nxe3 11. fxe3 Qd8 12. Qd4 d6 13. Nxc7+ Qxc7 14. cxd6 Qa5+ 15. b4 Qb6 16. Qxe5+ Be6 17. Qxg7 Kd7 18. Qd4 Qc6 19. e4 h5 20. Bg2 h4 21. O-O hxg3 22. hxg3 Qb6 23. Qxb6 axb6 24. e5 Rh5 25. Rac1 Rxe5 26. Rc7+ Kxd6 27. Rxb7 Rb5 28. Rbxf7 Rxa2 29. Rg7 Rxb4 30. Rd1+ Ke5 31. Bf3 b5 32. Kf2 Rbb2 33. g4 Kf6 34. Rh7 Bc4 35. Re1 Rd2 36. Rh5 b4 37. Rc5 Be6 38. g5+ Ke7 39. Rb5 b3 0-1

[Event "CCT Chessable Masters Play-In 2025"]
[Site "Online"]
[Date "2025.02.17"]
[Round "8.57"]
[White "Gharibyan, Mamikon"]
[Black "Cuenca Jimenez, Jose Fernando"]
[Result "1/2-1/2"]
[WhiteElo "2473"]
[BlackElo "2479"]
[PlyCount "113"]
[EventDate "2025.02.13"]
[EventType "swiss"]
[EventCountry "NET"]

1. e4 e5 2. Nf3 Nc6 3. Bc4 Nf6 4. d3 h6 5. c3 d6 6. a4 g6 7. Qb3 Qe7 8. a5 Bg7 9. a6 b6 10. Bb5 Bd7 11. Qa4 Nd8 12. Bxd7+ Nxd7 13. O-O O-O 14. d4 c6 15. Re1 b5 16. Qc2 Ne6 17. dxe5 dxe5 18. Nbd2 Ndc5 19. b4 Na4 20. Nc4 Qc7 21. Be3 Nb6 22. Nxb6 axb6 23. c4 Nd4 24. Bxd4 exd4 25. Ra3 bxc4 26. Qxc4 b5 27. Qc5 Rfd8 28. Rc1 d3 29. Rd1 Bf8 30. Qc3 Qb6 31. Rxd3 Rxd3 32. Qxd3 Bxb4 33. Ra1 Rxa6 34. Rxa6 Qxa6 35. h4 Qc8 36. h5 g5 37. e5 Bf8 38. Nd4 Qd7 39. e6 fxe6 40. Qg6+ Bg7 41. Nxe6 Qf7 42. Qe4 Qxh5 43. Qxc6 Qg6 44. Qc8+ Kh7 45. Qd7 Qf6 46. Qd3+ Qg6 47. Qd7 Qf6 48. Nxg7 Qxg7 49. Qxb5 Qg6 50. Qd7+ Qg7 51. Qd3+ Qg6 52. Qd4 Qg7 53. Qe4+ Qg6 54. Qe7+ Qg7 55. Qe4+ Qg6 56. Qb7+ Qg7 57. Qe4+ 1/2-1/2

[Event "CCT Chessable Masters Play-In 2025"]
[Site "Online"]
[Date "2025.02.17"]
[Round "8.58"]
[White "Lie, Kjetil A."]
[Black "Yang, Kaiqi"]
[Result "1-0"]
[WhiteElo "2489"]
[BlackElo "2481"]
[PlyCount "75"]
[EventDate "2025.02.13"]
[EventType "swiss"]
[EventCountry "NET"]

1. c4 Nf6 2. Nc3 g6 3. e4 d6 4. g3 c5 5. Bg2 Nc6 6. Nge2 Bg7 7. O-O O-O 8. d3 a6 9. Rb1 Ne8 10. Be3 b5 11. cxb5 axb5 12. Nxb5 Rxa2 13. Nbc3 Ra5 14. d4 cxd4 15. Nxd4 Ne5 16. Nd5 e6 17. b4 Ra3 18. Nf4 Nc4 19. Bc1 Ra7 20. Nc6 Qc7 21. Nxa7 Qxa7 22. b5 Qc5 23. Qb3 Bb7 24. Nd3 Qd4 25. Nb4 Nc7 26. Rd1 Qc5 27. Nd3 Qd4 28. Bf4 Ra8 29. Nb4 Qc5 30. Rbc1 d5 31. Bxc7 Qxc7 32. exd5 exd5 33. Nxd5 Qd6 34. Qxc4 Rc8 35. Qe4 Rxc1 36. Rxc1 Be5 37. Ne7+ Qxe7 38. Qxb7 1-0

[Event "CCT Chessable Masters Play-In 2025"]
[Site "Online"]
[Date "2025.02.17"]
[Round "9.1"]
[White "Duda, Jan-Krzysztof"]
[Black "Andreikin, Dmitry"]
[Result "0-1"]
[WhiteElo "2739"]
[BlackElo "2695"]
[PlyCount "66"]
[EventDate "2025.02.13"]
[EventType "swiss"]
[EventCountry "NET"]

1. d4 Nf6 2. c4 e6 3. Nf3 d5 4. g3 Bb4+ 5. Bd2 Be7 6. Bg2 O-O 7. Qc2 Nbd7 8. h4 c5 9. cxd5 Nxd5 10. Ng5 N5f6 11. dxc5 Nxc5 12. Bc3 Ncd7 13. Nd2 h6 14. Rd1 Qc7 15. Qb1 e5 16. Nde4 Nxe4 17. Bxe4 Nf6 18. Bd5 Bg4 19. Qg6 Bh5 20. Qf5 Bg4 21. Qb1 Rad8 22. Kf1 Rxd5 23. Rxd5 Qc6 24. e4 Nxd5 25. exd5 Qc4+ 26. Kg1 hxg5 27. hxg5 e4 28. d6 Bxg5 29. f4 Qc5+ 30. Kf1 Qc4+ 31. Kg1 Bd8 32. Qe1 Bb6+ 33. Kh2 Qd5 0-1